logo

Bir Sreshtho Munshi Abdur Rouf Library
Jhenaidah Cadet College

Transportation: economics and public policy (Record no. 8574)

MARC details
000 -LEADER
fixed length control field 00855cam a2200289 4500
001 - CONTROL NUMBER
JCCL Control Number 8574
003 - CONTROL NUMBER IDENTIFIER
JCCL marc code BD-JhCC
005 - DATE AND TIME OF LATEST TRANSACTION
control field 20180227181333.0
008 - FIXED-LENGTH DATA ELEMENTS--GENERAL INFORMATION
fixed length control field 730302s1973 ilua b 001 0 eng
020 ## - INTERNATIONAL STANDARD BOOK NUMBER
International Standard Book Number 025601440X
035 ## - SYSTEM CONTROL NUMBER
system control number (BD-JhCC)8574
040 ## - CATALOGING SOURCE
Original cataloging agency DLC
Transcribing agency DLC
Modifying agency DLC
-- BD-JhCC
041 ## - LANGUAGE CODE
Language code of Book eng
050 00 - LIBRARY OF CONGRESS CALL NUMBER
Classification number HE206
Item number .P4 1973
082 00 - DEWEY DECIMAL CLASSIFICATION NUMBER
Classification number 380.5/0973
Author mark and Year PEG 1973
100 1# - MAIN ENTRY--PERSONAL NAME
Personal name Pegrum, Dudley Frank,
Dates associated with a name 1898-
245 10 - TITLE STATEMENT
Title Transportation: economics and public policy
Statement of responsibility, etc [by] Dudley F. Pegrum.
250 ## - EDITION STATEMENT
Edition statement 3d ed.
260 ## - PUBLICATION, DISTRIBUTION, ETC. (IMPRINT)
Place of publication, distribution, etc Homewood, Ill.,
Name of publisher, distributor, etc R. D. Irwin,
Date of publication, distribution, etc 1973.
300 ## - PHYSICAL DESCRIPTION
Pagination xvi, 596 p.
Other physical details illus.
Dimensions 24 cm.
490 0# - SERIES STATEMENT
Series statement The Irwin series in economics
504 ## - BIBLIOGRAPHY, ETC. NOTE
Bibliography, etc Bibliography: p. 569-579.
650 #0 - SUBJECT ADDED ENTRY--TOPICAL TERM
Topical term or geographic name as entry element Transportation
General subdivision Law and legislation
Geographic subdivision United States.
650 #0 - SUBJECT ADDED ENTRY--TOPICAL TERM
Topical term or geographic name as entry element Transportation
Geographic subdivision United States.
942 ## - ADDED ENTRY ELEMENTS (KOHA)
Source of classification or shelving scheme Dewey Decimal Classification
Koha item type Books
Holdings
Source of classification or shelving scheme Damaged status Not for loan Home library Current library Shelving location Total Checkouts Full call number Barcode Date last seen Copy number Koha item type
Dewey Decimal Classification     JCC Rouf Library JCC Rouf Library General Stacks   380.5/0973 PEG 1973 11351 02/27/2018 C - 1 Books

JCC Library | Contacts | JCC Home

Last Update on 23 September 2017
Copyright @ 2017-2020 JCC Rouf Library
Rouf Library, Jhenidah Cadet College (JCC), Bangladesh